01563nam a2200241 a 4500001001000000005001700010041000800027044000700035084002000042100002900062245026200091260003300353300001900386500010800405500051400513500001001027650005201037650005601089650003401145650004501179700004701224740005001271BRCA_345420190320204306.0 aspa asp a743b.D45c19001 aDelgado, Jacinto María10aAdiciones a la historia del ingenioso hidalgo Don Quixote de la Manchaben que se prosiguen los sucesos ocurridos a su escudero el famoso Sancho Panzacescrita en arábigo por Cide-Hamete Benengeli ; traducido al castellano por Don Jacinto María Delgado. aMadridbBlas Románc[1900] a374 p.c15 cm. aContenido : Dedicatoria al público de Madrid. Censura. Carta crítica-legal. Prólogo. Notas. Texto aContinuación de la novela, descabellada de pies a cabeza, puesto que el Duque aragonés nombra a Sancho barón y consultor de Cámara. Éste hace mil locuras y muere a resultas de una apoplejía producida por una copiosa comida. El autor nos presenta, por lo tanto, a un Sancho totalmente distinto del Sancho Panza cervantino. La obra pretende ser una parodia de algunas costumbres extranjeras introducidas en España en imitación de las francesas. Piel; lomera adornada con dorados Lúdovik Osterc aQMB6014aNovela españolayÉpoca clásica, 1500-170014aLiteratura españolayÉpoca clásica, 1500-170014aNovela españolaySiglo XVII14aDon Quijote (Personaje ficticio)eNovela1 aCide Hamete Benengeli (Personaje ficticio)0 aEl Ingenioso Hidalgo Don Quijote de la Mancha